000 00151nam a22000857a 4500
082 _a823
100 _aUNKNOWN
245 _aSAVITRI & SATYAVAN
942 _cBK
999 _c8267
_d8267